[Event "BIH-chTA 27th"]
[Site "Lukavac"]
[Date "2020.11.02"]
[Round "6.3"]
[White "Causevic, Sead"]
[Black "Mumanovic, Adis"]
[Result "0-1"]
[WhiteElo "2145"]
[BlackElo "2092"]
[PlyCount "100"]
[EventDate "2020.10.30"]
[EventType "team-tourn"]
[EventRounds "9"]
[EventCountry "BIH"]
[SourceTitle "CBM 199 Extra"]
[Source "ChessBase"]
[SourceDate "2021.01.31"]
[SourceVersion "1"]
[SourceVersionDate "2021.01.31"]
[SourceQuality "1"]
[WhiteTeam "Cazin Ljiljan"]
[BlackTeam "Srebrenik"]
[WhiteTeamCountry "BIH"]
[BlackTeamCountry "BIH"]

1. e4 c6 2. d4 d5 3. exd5 cxd5 4. Bd3 Nc6 5. c3 Nf6 6. h3 e6 7. Bf4 Bd6 8. Bxd6 Qxd6 9. Nf3 0-0 10. 0-0 Ne4 11. Nbd2 f5 12. Bb5 h6 13. Bxc6 bxc6 14. Nxe4 fxe4 15. Ne5 a5 16. f3 Ba6 17. Re1 exf3 18. Nxf3 Rf6 19. Re5 Raf8 20. Qd2 Qd8 21. Rae1 Bc8 22. Qd3 Qb6 23. b3 Qa7 24. Qe3 a4 25. b4 Qf7 26. Qd3 Rg6 27. Rf1 Rg3 28. Qe2 Qg6 29. Rf2 Rxh3 30. Rg5 hxg5 31. gxh3 Qh5 32. Ne5 Qxh3 33. Rxf8+ Kxf8 34. Qf2+ Qf5 35. Qxf5+ exf5 36. Nxc6 Ba6 37. a3 Kf7 38. Kf2 f4 39. Kf3 Kf6 40. Ne5 Kf5 41. Ng4 Bb5 42. Ne5 Be8 43. c4 dxc4 44. Nxc4 Bc6+ 45. Kf2 g4 46. b5 g3+ 47. Kg1 Bd5 48. Nd6+ Ke6 49. Ne8 Kd7 50. Nxg7 f3 0-1

[Event "BIH-chTA 27th"]
[Site "Lukavac"]
[Date "2020.10.31"]
[Round "3.3"]
[White "Corbadzic, Samir"]
[Black "Causevic, Sead"]
[Result "0-1"]
[WhiteElo "2113"]
[BlackElo "2145"]
[PlyCount "84"]
[EventDate "2020.10.30"]
[EventType "team-tourn"]
[EventRounds "9"]
[EventCountry "BIH"]
[SourceTitle "CBM 199 Extra"]
[Source "ChessBase"]
[SourceDate "2021.01.31"]
[SourceVersion "1"]
[SourceVersionDate "2021.01.31"]
[SourceQuality "1"]
[WhiteTeam "Brcko Distrikt"]
[BlackTeam "Cazin Ljiljan"]
[WhiteTeamCountry "BIH"]
[BlackTeamCountry "BIH"]

1. e4 g6 2. d4 Nf6 3. Nc3 d5 4. exd5 Nxd5 5. Nxd5 Qxd5 6. Be3 Bg7 7. Nf3 0-0 8. Qd2 c5 9. c3 cxd4 10. Bxd4 Nc6 11. Bxg7 Qxd2+ 12. Nxd2 Kxg7 13. 0-0-0 Bf5 14. Be2 Rac8 15. g4 Nd4 16. gxf5 Nxe2+ 17. Kb1 Nf4 18. Nf3 Rfd8 19. Nd4 Kf6 20. fxg6 hxg6 21. Kc2 Rd5 22. Rd2 b5 23. Ne2 Rxd2+ 24. Kxd2 Rd8+ 25. Ke3 Ng2+ 26. Kf3 Nh4+ 27. Kg4 Nf5 28. Ng3 Rd3 29. Rf1 e5 30. a4 b4 31. Rc1 bxc3 32. bxc3 Nd6 33. f3 Ke6 34. Ne2 Rd2 35. Re1 f5+ 36. Kg5 Kf7 37. Nc1 Kg7 38. Re2 Rd1 39. Nb3 Nf7+ 40. Kh4 Rg1 41. Na5 Ng5 42. Re3 Ne6 0-1

[Event "BIH-chT1"]
[Site "Bosanska Krupa"]
[Date "2018.08.30"]
[Round "9"]
[White "Causevic, Sead"]
[Black "Sadikovic, Jasmin"]
[Result "1-0"]
[WhiteElo "2140"]
[BlackElo "2078"]
[PlyCount "143"]
[EventDate "2018.08.25"]
[EventType "tourn"]
[EventRounds "9"]
[EventCountry "BIH"]
[SourceTitle "CBM 186 Extra"]
[Source "ChessBase"]
[SourceDate "2018.08.24"]
[SourceVersion "1"]
[SourceVersionDate "2018.08.24"]
[SourceQuality "1"]

1. e4 d6 2. Nc3 Nf6 3. d4 g6 4. f4 Bg7 5. Nf3 0-0 6. Be2 Nbd7 7. e5 Ne8 8. Ne4 e6 9. Be3 Qe7 10. Qd2 f6 11. 0-0-0 d5 12. Nf2 c5 13. c3 cxd4 14. cxd4 Nb6 15. h4 Bd7 16. Kb1 Rc8 17. Qa5 Nc4 18. Bxc4 dxc4 19. Bd2 Qd8 20. Qxa7 Bc6 21. Qa3 Nc7 22. Ba5 Nb5 23. Bxd8 Nxa3+ 24. bxa3 Rfxd8 25. Ng4 Be4+ 26. Ka1 fxe5 27. fxe5 Rf8 28. Rhe1 Bxf3 29. gxf3 Rxf3 30. Rf1 Rxa3 31. Nf6+ Kh8 32. h5 gxh5 33. Nxh5 Rca8 34. Rd2 c3 35. Rh2 b5 36. Rg1 R3a7 37. Rhg2 Bh6 38. Nf6 Bg5 39. Kb1 h6 40. Ne4 Be3 41. Rh1 b4 42. Nc5 Rg8 43. Rxg8+ Kxg8 44. Nxe6 Re7 45. d5 Kh7 46. Rh3 Ba7 47. Rg3 Kh8 48. Rg6 Be3 49. d6 Rf7 50. Rf6 Kg8 51. Rxf7 Kxf7 52. d7 Bb6 53. d8Q Bxd8 54. Nxd8+ Ke7 55. Nc6+ Ke6 56. Kc2 h5 57. Nxb4 Kxe5 58. Kxc3 h4 59. Nd3+ Kd5 60. a4 Kc6 61. Kb4 h3 62. Ne5+ Kb7 63. Nf3 Kb6 64. a5+ Kc6 65. Nh2 Kb7 66. Kb5 Ka7 67. a6 Kb8 68. Kb6 Ka8 69. Nf3 Kb8 70. Ng5 Ka8 71. a7 h2 72. Ne6 1-0

[Event "BIH-chT1"]
[Site "Bosanska Krupa"]
[Date "2018.08.28"]
[Round "6"]
[White "Komadaric, Edin"]
[Black "Causevic, Sead"]
[Result "1-0"]
[WhiteElo "2096"]
[BlackElo "2140"]
[PlyCount "47"]
[EventDate "2018.08.25"]
[EventType "tourn"]
[EventRounds "9"]
[EventCountry "BIH"]
[SourceTitle "CBM 186 Extra"]
[Source "ChessBase"]
[SourceDate "2018.08.24"]
[SourceVersion "1"]
[SourceVersionDate "2018.08.24"]
[SourceQuality "1"]

1. e4 c5 2. Nf3 d6 3. c3 Nf6 4. Be2 Nc6 5. d4 cxd4 6. cxd4 g6 7. Nc3 Bg7 8. 0-0 0-0 9. h3 a6 10. Be3 d5 11. e5 Ne8 12. Qd2 f6 13. Bh6 Bxh6 14. Qxh6 Ng7 15. Rac1 Bf5 16. Qe3 Qa5 17. Nxd5 Rad8 18. Rxc6 bxc6 19. Nxe7+ Kh8 20. Nxc6 Qxa2 21. Nxd8 Rxd8 22. exf6 Ne6 23. b3 Qc2 24. Bc4 1-0

[Event "BIH-chT1"]
[Site "Bosanska Krupa"]
[Date "2018.08.26"]
[Round "2"]
[White "Strinic, Halid"]
[Black "Causevic, Sead"]
[Result "1/2-1/2"]
[WhiteElo "2116"]
[BlackElo "2140"]
[PlyCount "132"]
[EventDate "2018.08.25"]
[EventType "tourn"]
[EventRounds "9"]
[EventCountry "BIH"]
[SourceTitle "CBM 186 Extra"]
[Source "ChessBase"]
[SourceDate "2018.08.24"]
[SourceVersion "1"]
[SourceVersionDate "2018.08.24"]
[SourceQuality "1"]

1. c4 Nf6 2. Nc3 e5 3. Nf3 Nc6 4. d3 d5 5. cxd5 Nxd5 6. g3 Bc5 7. Bg2 Nxc3 8. bxc3 e4 9. Ng5 e3 10. Ne4 exf2+ 11. Nxf2 h5 12. d4 Be7 13. 0-0 h4 14. g4 h3 15. Bf3 Na5 16. e4 Bd7 17. Rb1 b6 18. e5 c6 19. Ne4 Be6 20. Rb2 Qd7 21. Ng5 Bc4 22. Re1 0-0-0 23. e6 fxe6 24. Nf7 Bh4 25. Nxh8 Bxe1 26. Qxe1 Rxh8 27. Bf4 Rf8 28. Qe5 Kb7 29. Rf2 Bd5 30. Bd1 Nc4 31. Qh5 Bg2 32. Be2 Nd6 33. Bxd6 Rxf2 34. Kxf2 Qxd6 35. Qf7+ Kb8 36. Qg8+ Kc7 37. Qxg7+ Kd8 38. Qf6+ Kc7 39. Qe5 Qxe5 40. dxe5 Kd7 41. Bf3 Bxf3 42. Kxf3 b5 43. Kf4 Ke7 44. Kg5 c5 45. Kh6 b4 46. cxb4 c4 47. g5 c3 48. g6 c2 49. g7 c1Q+ 50. Kh7 Qg5 51. g8Q Qh5+ 52. Kg7 Qxe5+ 53. Kh6 Qxh2 54. Qg5+ Kd7 55. Qb5+ Kd8 56. Qg5+ Kc8 57. Qc5+ Qc7 58. Qf8+ Kb7 59. Qf3+ Ka6 60. Qxh3 Qf4+ 61. Kg6 Qf5+ 62. Qxf5 exf5 63. Kxf5 Kb5 64. Ke4 Kxb4 65. Kd3 Ka3 66. Kc2 Kxa2 1/2-1/2

[Event "BIH-chT1"]
[Site "Bosanska Krupa"]
[Date "2018.08.25"]
[Round "1"]
[White "Zupcevic, Nedim"]
[Black "Causevic, Sead"]
[Result "0-1"]
[WhiteElo "2051"]
[BlackElo "2140"]
[PlyCount "76"]
[EventDate "2018.08.25"]
[EventType "tourn"]
[EventRounds "9"]
[EventCountry "BIH"]
[SourceTitle "CBM 186 Extra"]
[Source "ChessBase"]
[SourceDate "2018.08.24"]
[SourceVersion "1"]
[SourceVersionDate "2018.08.24"]
[SourceQuality "1"]

1. d4 Nf6 2. Nf3 d5 3. g3 c5 4. c3 Nc6 5. Bg2 e6 6. 0-0 Be7 7. b3 0-0 8. Bb2 b6 9. Nbd2 cxd4 10. Nxd4 Nxd4 11. cxd4 Bb7 12. Rc1 Rc8 13. Nf3 Ne4 14. Qd3 Qd6 15. Ne5 f6 16. Nf3 Qd7 17. Bh3 Rxc1 18. Rxc1 Rc8 19. Rxc8+ Qxc8 20. a3 Kf7 21. Ne1 Ba6 22. Qe3 f5 23. Bg2 Bg5 24. f4 Bf6 25. Bf3 Qc6 26. Kg2 g6 27. Kf1 h6 28. Bxe4 fxe4 29. Qc3 Qb5 30. Qc2 g5 31. Ng2 Qd7 32. Ne3 gxf4 33. gxf4 e5 34. dxe5 Qh3+ 35. Ke1 Qxe3 36. exf6 Qg1+ 37. Kd2 e3+ 38. Kc3 Qe1+ 0-1

[Event "BIH-chT2"]
[Site "Bosna"]
[Date "2017.08.26"]
[Round "3.1"]
[White "Causevic, Sead"]
[Black "Stavnjak, Lazar"]
[Result "1-0"]
[WhiteElo "2144"]
[BlackElo "2231"]
[PlyCount "75"]
[EventDate "2017.08.25"]
[EventType "team-tourn"]
[EventRounds "9"]
[EventCountry "BIH"]
[SourceTitle "EXT 2019"]
[Source "ChessBase"]
[SourceDate "2018.10.10"]
[SourceVersion "1"]
[SourceVersionDate "2018.10.10"]
[SourceQuality "1"]

1. Nf3 d5 2. d4 Nf6 3. Bf4 c6 4. e3 Bg4 5. Nbd2 e6 6. Bd3 Bd6 7. Bg3 Bxg3 8. hxg3 Nbd7 9. c4 Qb6 10. Qb3 Bxf3 11. Nxf3 Qxb3 12. axb3 Ke7 13. 0-0 h6 14. Rfc1 Kd6 15. b4 dxc4 16. Bxc4 a6 17. Nd2 Nb6 18. e4 Kc7 19. f3 Rad8 20. Nb3 Ne8 21. Be2 Kb8 22. Bxa6 bxa6 23. Rxa6 Nc8 24. Na5 Nc7 25. Nxc6+ Kb7 26. Nxd8+ Rxd8 27. Rac6 Rd7 28. Kf2 Na7 29. R6c4 Nab5 30. Ke3 Rd6 31. g4 Rd8 32. Rc5 Rd7 33. g5 hxg5 34. Rxg5 g6 35. Rgc5 Nd6 36. g4 Na6 37. R1c3 Nxc5 38. bxc5 1-0

[Event "BIH-chT2"]
[Site "Bosna"]
[Date "2017.08.25"]
[Round "1.1"]
[White "Causevic, Sead"]
[Black "Muslimovic, Seval"]
[Result "1-0"]
[WhiteElo "2144"]
[BlackElo "2074"]
[PlyCount "83"]
[EventDate "2017.08.25"]
[EventType "team-tourn"]
[EventRounds "9"]
[EventCountry "BIH"]
[SourceTitle "EXT 2019"]
[Source "ChessBase"]
[SourceDate "2018.10.10"]
[SourceVersion "1"]
[SourceVersionDate "2018.10.10"]
[SourceQuality "1"]

1. e4 e5 2. Nf3 d6 3. d4 exd4 4. Nxd4 g6 5. Nc3 Bg7 6. Be3 Nc6 7. Qd2 Nf6 8. f3 Bd7 9. 0-0-0 a6 10. g4 h5 11. g5 Nh7 12. Nxc6 Bxc6 13. h4 Qe7 14. Bh3 0-0 15. Rhg1 Qe5 16. f4 Qa5 17. Bd4 Rfe8 18. Bxg7 Kxg7 19. Qd4+ Kg8 20. Rd3 Re7 21. b4 Qb6 22. Qxb6 cxb6 23. Rxd6 Nf8 24. e5 Ne6 25. Bxe6 fxe6 26. f5 gxf5 27. Ne2 Be4 28. Rg3 Rc8 29. c3 Rec7 30. Kb2 Rc6 31. Rxc6 Bxc6 32. Nf4 Rf8 33. g6 Rd8 34. Kc1 Ba4 35. Rg1 Rc8 36. Nxh5 Rxc3+ 37. Kb1 Rd3 38. Nf6+ Kg7 39. h5 Rd1+ 40. Rxd1 Bxd1 41. Ne8+ Kh8 42. h6 1-0